000 00980nam a2200229 a 4500
001 49184
003 BD-RjUL
005 20211209054639.0
008 160818s1958 ii ||||| |||| 00| 0 ben d
035 _a(BD-RjUL)49303
040 _aBD-RjUL
_bben
_cBD-RjUL
_dBD-RjUL
041 _aben
082 _223
_a891.4408
_bDAK 1958
100 _aদাস, কৃষ্ণরাম
_9147167
245 1 0 _aকবি কৃষ্ণরাম দাসের গ্রন্হাবলী /
_cকৃষ্ণরাম দাস
260 _aকলিকাতা :
_bকলিকাতা বিশ্ববিদ্যালয়,
_c১৯৫৮
300 _a৩৫৯ পৃ. ;
_c২১ সেমি.
650 _aবাংলা সাহিত্য
_vসংগ্রহ
_9122719
650 _aBengali Literature
_v Collection
_9122720
700 _aভট্রাচার্য, শ্রীসত্যনারায়ণঃ সম্পাদিত
_9147844
942 _2ddc
_cBK
999 _c49184
_d49184